000 00492nam a2200181Ia 4500
001 18463
005 20260306171632.0
008 260306s9999||||xx |||||||||||||| ||und||
041 _aESP
082 _a658.4052
_bM19
100 _aMalhotra, Deepak
_eAUT
245 0 _aEl negociador genial:
_bcómo obtener grandes resultados en la mesa de negociación, y más allá
260 _c2013
300 _a445 páginas :
_c21cm.
650 _aGEN
654 _aCAN
942 _cLIB
_dJUS
_fJUS
_2ddc
_n
999 _c18463
_d18463